Mannschaften gegen die Nicolas Gonzalez getroffen hat - Statistiken

Allgemein
  • Dieses Quiz wurde 13 mal gespielt
  • Das Durchschnittsergebnis liegt bei 17 aus 41
Antwortstatistiken
Tore Mannschaft % Korrekt
1 Borussia Dortmund
100%
1 FC Augsburg
92%
1 FSV Mainz 05
85%
1 VfL Bochum
85%
2 FC Schalke 04
77%
3 Hamburger SV
77%
1 Inter Mailand
77%
1 TSG Hoffenheim
77%
1 AC Mailand
69%
1 Eintracht Frankfurt
69%
1 Juventus Turin
69%
1 Borussia M'Gladbach
62%
1 Lazio Rom
62%
2 1.FC Nürnberg
54%
1 Hannover 96
54%
1 Sampdoria
54%
1 Genua CFC
46%
1 Holstein Kiel
46%
1 Karlsruher SC
46%
2 SSC Neapel
46%
1 St.Pauli
46%
1 AS Rom
38%
1 Hellas Verona
38%
1 Jahn Regensburg
38%
1 Wehen Wiesbaden
38%
1 1.FC Heidenheim
31%
1 FC Turin
31%
1 US Salernitana
31%
2 US Sassuolo
31%
2 Cagliari Calcio
23%
2 SV Sandhausen
23%
1 Lecce
15%
1 Cremonese
8%
1 Frosinone
8%
1 Cosenza
0%
2 FC Basel
0%
1 FC Empoli
0%
2 Heart of Midlothian FC
0%
1 Lech Posen
0%
2 Rapid Wien
0%
1 Twente Enschede
0%
Keine übereinstimmenden Quizze gefunden
Verteilung der Resultate
Anzahl Personen mit jedem Resultat
Perzentil nach korrekt beantworteten Fragen
Ihre Resultats-Entwicklung
Sie haben dieses Quiz noch nicht gespielt